Ser cristiano en la era neopagana.
Saved in:
| Hovedforfatter: | |
|---|---|
| Andre forfattere: | |
| Format: | Bog |
| Sprog: | engelsk |
| Udgivet: |
Madrid, España:
Ediciones Encuentro,
2008.
|
| Udgivelse: | 6a. edición. |
| Serier: | Ensayos,
|
| Fag: | |
| Tags: |
Tilføj Tag
Ingen Tags, Vær først til at tagge denne postø!
|
MARC
| LEADER | 00000nam a22000007a 4500 | ||
|---|---|---|---|
| 003 | CL-VaPUC | ||
| 005 | 20230731163414.0 | ||
| 008 | 220816t2008 ||||| |||| 00| 0 eng d | ||
| 999 | |c 441425 |d 441423 | ||
| 020 | |a 978-84-7490-807-7 | ||
| 040 | |c Pontificia Universidad Católica de Valparaíso | ||
| 082 | |2 22 |a 230 RAT 2008 | ||
| 100 | |9 314573 |a Ratzinger, Joseph |e autor | ||
| 245 | |a Ser cristiano en la era neopagana. | ||
| 250 | |a 6a. edición. | ||
| 260 | |a Madrid, España: |b Ediciones Encuentro, |c 2008. | ||
| 300 | |a 205 páginas. | ||
| 490 | |a Ensayos, |n 287. | ||
| 500 | |a c.1 Donación Sr. Jorge Precht Pizarro. 26-05-23. Biblioteca Teología. | ||
| 583 | |c 20220816 |k Yessy Sthefany Diaz Vidal | ||
| 650 | 0 | |9 257361 |a Cristianismo | |
| 650 | 0 | |a Fe y ateísmo |9 875592 | |
| 650 | 0 | |a Neopaganismo |9 875593 | |
| 700 | |9 875591 |a Restán, José Luis |e edición |e introducciones | ||
| 942 | |2 ddc |c BK | ||
| 952 | |0 0 |1 0 |2 ddc |4 0 |6 230_000000000000000_RAT_2008 |7 0 |8 A |9 590976 |a BIBTEO |b BIBTEO |c GEN |d 2023-07-26 |e Donación |i 5658157 |o 230 RAT 2008 |p 5658157 |r 2024-01-18 |t 1 |w 2023-07-26 |y BK |k ICR | ||